Normal view
MARC view
- Ghost Wars
Entry Topical Term
001 - CONTROL NUMBER
- control field: 108891
003 - CONTROL NUMBER IDENTIFIER
- control field: NUST
005 - DATE AND TIME OF LATEST TRANSACTION
- control field: 20230210124420.0
008 - FIXED-LENGTH DATA ELEMENTS
- fixed length control field: 230210|| aca||aabn | a|a d
040 ## - CATALOGING SOURCE
- Original cataloging agency: NUST
- Transcribing agency: NUST
150 ## - HEADING--TOPICAL TERM
- Topical term or geographic name entry element: Ghost Wars
670 ## - SOURCE DATA FOUND
- Source citation: Work cat.: (NUST): Coll, Steve 9738, Ghost Wars :, 2004
